Tìm hiểu luật thanh tra : Có hiệu lực thi hành từ ngày 01-10-2004
محفوظ في:
| التنسيق: | كتاب |
|---|---|
| اللغة: | Undetermined |
| منشور في: |
Thành phố Hồ Chí Minh
Tổng Hợp
2004
|
| الموضوعات: | |
| الوسوم: |
إضافة وسم
لا توجد وسوم, كن أول من يضع وسما على هذه التسجيلة!
|
| Thư viện lưu trữ: | Trung tâm Học liệu Trường Đại học Cần Thơ |
|---|
| LEADER | 00603nam a2200193Ia 4500 | ||
|---|---|---|---|
| 001 | CTU_74396 | ||
| 008 | 210402s9999 xx 000 0 und d | ||
| 020 | |c 5500 | ||
| 082 | |a 352.83 | ||
| 082 | |b T310 | ||
| 245 | 0 | |a Tìm hiểu luật thanh tra : | |
| 245 | 0 | |b Có hiệu lực thi hành từ ngày 01-10-2004 | |
| 245 | 0 | |c Trịnh Thị Thanh Hương sưu tầm | |
| 260 | |a Thành phố Hồ Chí Minh | ||
| 260 | |b Tổng Hợp | ||
| 260 | |c 2004 | ||
| 650 | |a Public administration | ||
| 904 | |i Tuyến | ||
| 980 | |a Trung tâm Học liệu Trường Đại học Cần Thơ | ||